| 000 | 00843nam a2200205Ii 4500 | ||
|---|---|---|---|
| 003 | JO-AjNU | ||
| 008 | 230605s9999||||xx |||||||||||||| ||und|| | ||
| 040 |
_aJO-AjNU _bara _erda _cJO-AjNU |
||
| 041 | _aara | ||
| 050 | 1 | 4 | _aDS157.J6772 1981 |
| 100 | 3 |
_aيوسف، جوزيف نسيم, _eauthor _98994 |
|
| 245 | 0 | 0 | _aالوحدة وحركات اليقظة العربية ابان العدوان الصليبي |
| 264 | 3 | 1 | _aبيروت: دار النهضة العربية، 1981 |
| 300 |
_a93ص _bخرائط وصور توضيحية |
||
| 336 |
_atext _btxt _2rdacontent |
||
| 337 |
_aunmediated _bn _2rdamedia |
||
| 338 |
_avolume _bnc _2rdacarrier |
||
| 490 | 0 | _aمكتبة الحروب الصليبية؛ 4 | |
| 650 | 4 |
_aالحروب الصليبية- العصور الةسطى- البلاد العربيو- الوحدة العربية _98995 |
|
| 999 |
_aA1073 _c4641 _d4641 |
||